| 000 | 00354nam a22001577a 4500 | ||
|---|---|---|---|
| 005 | 20160701112058.0 | ||
| 008 | 160701b xxu||||| |||| 00| 0 eng d | ||
| 041 | _aeng | ||
| 082 | _b20301 | ||
| 100 |
_aKejriwal Prof. BK _93372 |
||
| 245 | _aThe mines act 1952 | ||
| 260 | _bgeeta | ||
| 300 | _a124 | ||
| 650 |
_aDiploma Engineering _9817 |
||
| 942 | _cBK | ||
| 999 |
_c5040 _d5038 |
||